000 00618nam a2200217Ia 4500
003 OSt
005 20220926044254.0
006 a|||||r|||| 00| 0
007 ta
008 220923b |||||||| |||| 00| 0 eng d
037 _cGeneral Book
040 _aRTL
_cRTL
_beng
041 _2eng
_aeng
082 _aX9(F182):8NP.55.N5, J6
100 _aBlumenthal W Michael
_9348744
245 0 _aCodetermination in the German steel industry
260 _c1956
650 _aIron and Steel Industry
942 _hX9(F182):8NP.55.N5, J6
_cGB
_2CC
999 _c674393
_d674393